[Event "RUS-chT rapid"]
[Site "Sochi"]
[Date "2019.10.18"]
[Round "5.4"]
[White "Kolchin, Maxim"]
[Black "Dianov, Alexey"]
[Result "1-0"]
[WhiteElo "2077"]
[BlackElo "2158"]
[PlyCount "111"]
[EventDate "2019.10.18"]
[EventType "team-swiss (rapid)"]
[EventRounds "9"]
[EventCountry "RUS"]
[SourceTitle "CBM 192 Extra"]
[Source "Chessbase"]
[SourceDate "2019.11.06"]
[SourceVersion "1"]
[SourceVersionDate "2019.11.06"]
[SourceQuality "1"]
[WhiteTeam "Nizhny Novgorod FSHNO"]
[BlackTeam "Krasnoyarsk Suek"]
[WhiteTeamCountry "RUS"]
[BlackTeamCountry "RUS"]

1. d4 d5 2. Nf3 c5 3. c3 Nf6 4. Bf4 Qb6 5. Qb3 c4 6. Qxb6 axb6 7. Bxb8 Rxb8 8. Nbd2 Bf5 9. a3 h6 10. g3 e6 11. Bg2 b5 12. 0-0 Be7 13. Ne5 0-0 14. Rfe1 Rfd8 15. f3 Bh7 16. e4 Bd6 17. exd5 Nxd5 18. f4 Nb6 19. Ne4 Na4 20. Nxd6 Rxd6 21. Re2 f6 22. Ng4 Bd3 23. Rd2 Bg6 24. Re1 Be8 25. Ne3 Bc6 26. Bh3 Nc5 27. Bf1 Ne4 28. Rde2 f5 29. Nc2 b6 30. Bg2 Kf7 31. Ne3 Bd5 32. Nc2 Rg8 33. Rf1 Ke7 34. Ne3 Rd7 35. g4 g6 36. Ra1 Ra7 37. h3 Kd6 38. Kh2 Rga8 39. Rg1 Rh8 40. Bh1 Rf7 41. gxf5 gxf5 42. Rg6 Kc7 43. Bxe4 fxe4 44. f5 Re8 45. Rxh6 Bb7 46. fxe6 Rfe7 47. d5 Rf8 48. Rd2 Kd6 49. Rh5 Rf3 50. Nf5+ Rxf5 51. Rxf5 e3 52. Re2 Bxd5 53. Rxe3 Bxe6 54. Rxb5 Kc6 55. Rbe5 Kd6 56. Rxe6+ 1-0

[Event "RUS-ch blitz"]
[Site "Sochi"]
[Date "2019.10.17"]
[Round "2"]
[White "Dianov, Alexey"]
[Black "Bryakin, Mikhail"]
[Result "1/2-1/2"]
[WhiteElo "2158"]
[BlackElo "2440"]
[PlyCount "258"]
[EventDate "2019.10.17"]
[EventType "swiss (blitz)"]
[EventRounds "15"]
[EventCountry "RUS"]
[SourceTitle "CBM 192 Extra"]
[Source "Chessbase"]
[SourceDate "2019.11.06"]
[SourceVersion "1"]
[SourceVersionDate "2019.11.06"]
[SourceQuality "1"]

1. e4 c6 2. c4 d5 3. cxd5 cxd5 4. exd5 Nf6 5. Qa4+ Nbd7 6. Nc3 g6 7. Bc4 Bg7 8. Nf3 0-0 9. d3 a6 10. Qa3 Nb6 11. Qb3 Nxc4 12. dxc4 b5 13. cxb5 axb5 14. 0-0 Rb8 15. Nd4 Bd7 16. Bf4 Rb6 17. Ndxb5 Bxb5 18. Nxb5 Qxd5 19. Nc3 Rxb3 20. Nxd5 Nxd5 21. axb3 Nxf4 22. Ra7 Rb8 23. Rxe7 Rxb3 24. g3 Ne6 25. Rd1 Bxb2 26. Rb1 Rb4 27. Rd7 Kg7 28. Kg2 Rd4 29. Rb7 Ba3 30. Ra1 Rd3 31. Ra2 h5 32. h4 Kf6 33. Kf1 Bc5 34. Ke2 Rd5 35. Ra6 Re5+ 36. Kf1 Rf5 37. Rb2 Kg7 38. Kg2 Bd4 39. Rd2 Bc3 40. Rc2 Be5 41. Ra5 Kf6 42. Ra6 Bd4 43. Rd2 Rd5 44. Rc2 Rc5 45. Rd2 Be5 46. Re2 Kf5 47. Ra7 Kf6 48. Ra6 Rd5 49. Rb6 Rd6 50. Rb5 Bd4 51. Rb7 Rb6 52. Rd7 Bc5 53. Rd5 Bf8 54. Rd3 Rd6 55. Rf3+ Kg7 56. Rb3 Rd7 57. Rb8 Bd6 58. Rb3 Bc5 59. Rc3 Bd6 60. Rd3 Kf8 61. Red2 Ke7 62. Rd5 Rd8 63. Ra2 Bc7 64. Rb5 Rb8 65. Rd5 Rb7 66. Rd3 Be5 67. Re2 Rb5 68. Ra3 Kf6 69. Ra6 Bd4 70. Rd2 Rd5 71. Rc6 Rd8 72. Ra6 Ke7 73. Re2 Bc5 74. Ra4 Rd4 75. Ra5 Rc4 76. Rb5 Rc3 77. Ra5 Kf8 78. Ra8+ Kg7 79. Ra4 Nd4 80. Rea2 Nf5 81. Re2 Bd4 82. Rd2 Bf6 83. Ra7 Rc8 84. Rdd7 Rf8 85. Rab7 g5 86. Rd5 Ne7 87. Rdd7 gxh4 88. Rxe7 Bxe7 89. Rxe7 hxg3 90. fxg3 Kf6 91. Ra7 Re8 92. Ra5 Re5 93. Ra4 Kg5 94. Kf3 Rb5 95. Ra3 f6 96. Rc3 Rd5 97. Ra3 Rc5 98. Rb3 Rc1 99. Rb5+ f5 100. Rb3 Rh1 101. Rb8 Rf1+ 102. Kg2 Rd1 103. Rg8+ Kf6 104. Rh8 Rd2+ 105. Kf3 Rd3+ 106. Kf2 Kg6 107. Rg8+ Kf7 108. Rh8 Kg6 109. Rg8+ Kf6 110. Rh8 Rd2+ 111. Kf3 Rh2 112. Ra8 Rh1 113. Rh8 Kg7 114. Ra8 Kg6 115. Rg8+ Kf7 116. Rh8 Kg7 117. Ra8 Rh2 118. Ra6 Kf7 119. Rb6 Rc2 120. Kf4 Rf2+ 121. Ke3 Rf1 122. Rh6 Kg7 123. Rxh5 Kg6 124. Rh8 Kg5 125. Rg8+ Kh5 126. Ke2 Ra1 127. Kf3 Ra4 128. Rg7 Rb4 129. Rg8 Rc4 1/2-1/2

[Event "Krasnoyarsk-ch"]
[Site "Krasnoyarsk"]
[Date "2012.02.03"]
[Round "3"]
[White "Anikonov, Dmitry"]
[Black "Dianov, Alexey"]
[Result "1-0"]
[WhiteElo "2000"]
[BlackElo "2179"]
[PlyCount "61"]
[EventDate "2012.02.01"]
[EventType "tourn"]
[EventRounds "9"]
[EventCountry "RUS"]
[SourceTitle "EXT 2013"]
[Source "ChessBase"]
[SourceDate "2012.11.22"]
[SourceVersion "1"]
[SourceVersionDate "2012.11.22"]
[SourceQuality "1"]

1. d4 d5 2. Nf3 Nf6 3. c4 c6 4. Nc3 a6 5. g3 dxc4 6. Bg2 b5 7. Ne5 Nd5 8. 0-0 Bb7 9. e4 Nxc3 10. bxc3 Nd7 11. f4 e6 12. Qh5 g6 13. Qe2 Qc7 14. Nxd7 Qxd7 15. f5 0-0-0 16. fxe6 fxe6 17. Bg5 Re8 18. Bh3 Bg7 19. a4 Rhf8 20. Rxf8 Rxf8 21. axb5 Bxd4+ 22. Kh1 Rf2 23. Qxc4 axb5 24. Qxd4 Qxd4 25. cxd4 Kd7 26. Ra7 Kc7 27. Bxe6 Re2 28. e5 Kb6 29. Ra1 c5+ 30. d5 Rxe5 31. Bd8# 1-0

[Event "Krasnoyarsk-ch"]
[Site "Krasnoyarsk"]
[Date "2011.02.08"]
[Round "8"]
[White "Dianov, Alexey"]
[Black "Pavlov, Oleg Yuryevich"]
[Result "1-0"]
[WhiteElo "2148"]
[BlackElo "2300"]
[PlyCount "83"]
[EventDate "2011.02.01"]
[EventType "tourn"]
[EventRounds "11"]
[EventCountry "RUS"]
[SourceTitle "CBM 141 Extra"]
[Source "ChessBase"]
[SourceDate "2011.05.03"]
[SourceVersion "1"]
[SourceVersionDate "2011.05.03"]
[SourceQuality "1"]

1. e4 c6 2. c4 d5 3. cxd5 cxd5 4. exd5 Nf6 5. Qa4+ Nbd7 6. Nc3 g6 7. Nf3 Bg7 8. Bc4 a6 9. d3 Rb8 10. Bb3 b5 11. Qf4 0-0 12. 0-0 Bb7 13. d6 e6 14. Ne4 a5 15. a3 Rc8 16. Re1 Nc5 17. Nxc5 Rxc5 18. Ng5 Bd5 19. Be3 Rc6 20. Bd1 Ne8 21. Bf3 Bxf3 22. Qxf3 Rxd6 23. Rad1 Rd5 24. Ne4 Nc7 25. Bb6 Bxb2 26. Bxa5 f5 27. Bxc7 Qxc7 28. Ng5 Re8 29. Rxe6 Rdd8 30. Rxe8+ Rxe8 31. Qd5+ Kg7 32. Ne6+ Rxe6 33. Qxe6 Bxa3 34. d4 Bd6 35. h4 h5 36. Qe3 b4 37. Rc1 Qb8 38. Qb3 Kf6 39. Rc6 Ke7 40. Qe3+ Kd7 41. d5 Qg8 42. Qa7+ 1-0

[Event "Krasnoyarsk-ch"]
[Site "Krasnoyarsk"]
[Date "2011.02.02"]
[Round "2"]
[White "Dianov, Alexey"]
[Black "Pakhomov, Denis"]
[Result "1-0"]
[WhiteElo "2148"]
[BlackElo "2068"]
[PlyCount "105"]
[EventDate "2011.02.01"]
[EventType "tourn"]
[EventRounds "11"]
[EventCountry "RUS"]
[SourceTitle "CBM 141 Extra"]
[Source "ChessBase"]
[SourceDate "2011.05.03"]
[SourceVersion "1"]
[SourceVersionDate "2011.05.03"]
[SourceQuality "1"]

1. e4 c6 2. d3 d5 3. Nd2 e5 4. Ngf3 Bd6 5. d4 exd4 6. exd5 Nf6 7. dxc6 Nxc6 8. Bb5 Qe7+ 9. Qe2 Qxe2+ 10. Kxe2 0-0 11. Re1 Bc5 12. Nb3 Bb6 13. Kf1 Rd8 14. Bd2 Bf5 15. Bd3 Bxd3+ 16. cxd3 a5 17. a4 Nd5 18. Ne5 Ncb4 19. Bxb4 Nxb4 20. Nc4 Bc7 21. Re7 Nd5 22. Re4 Nb4 23. Nxd4 Nxd3 24. Nb5 Rac8 25. Re7 Kf8 26. Rxc7 Rxc7 27. Nxc7 Rc8 28. Nxa5 Rxc7 29. b3 Nc1 30. Ke1 b6 31. Kd2 bxa5 32. Rxc1 Rb7 33. Rc8+ Ke7 34. Kc3 Kd6 35. Ra8 Rc7+ 36. Kd3 Rb7 37. Kc4 Rc7+ 38. Kd3 Rb7 39. Ra6+ Kd7 40. Kc3 Rc7+ 41. Kd3 Rb7 42. Kc3 Rc7+ 43. Kb2 Rc5 44. Rb6 Kc7 45. Ra6 Kb7 46. Rd6 Kc7 47. Rd3 Rf5 48. Rf3 Rxf3 49. gxf3 Kc6 50. Kc3 Kc5 51. f4 f5 52. h3 g6 53. h4 1-0

[Event "Krasnoyarsk-ch"]
[Site "Krasnoyarsk"]
[Date "2010.02.04"]
[Round "1"]
[White "Dobrovolskiy, Roman"]
[Black "Dianov, Alexey"]
[Result "1-0"]
[WhiteElo "2166"]
[BlackElo "2138"]
[PlyCount "71"]
[EventDate "2010.02.04"]
[EventType "tourn"]
[EventRounds "11"]
[EventCountry "RUS"]
[SourceTitle "CBM 135 Extra"]
[Source "ChessBase"]
[SourceDate "2010.05.04"]
[SourceVersion "1"]
[SourceVersionDate "2010.05.04"]
[SourceQuality "1"]

1. e4 c5 2. Nc3 g6 3. g3 Bg7 4. Bg2 Nc6 5. d3 d6 6. Be3 e6 7. Qd2 Nge7 8. Bh6 Bxh6 9. Qxh6 Nd4 10. Rc1 Qb6 11. Nd1 e5 12. c3 Ne6 13. Ne2 Bd7 14. Ne3 Ng8 15. Qh4 h5 16. f4 Qa6 17. Nd5 Bc6 18. Nf6+ Kf8 19. Rd1 Qxa2 20. Bh3 Ne7 21. 0-0 Qxb2 22. Bxe6 Qxe2 23. fxe5 Qe3+ 24. Kh1 g5 25. Qh3 d5 26. Bxf7 dxe4 27. Bd5 Kg7 28. Qe6 Ng6 29. Bxc6 bxc6 30. Nxe4 Raf8 31. Qd7+ Kh6 32. Nd6 Qxe5 33. Nf5+ Rxf5 34. Qxf5 Qxc3 35. Rc1 Qd4 36. Rxc5 1-0

[Event "Berdsk Maestro op 15th"]
[Site "Berdsk"]
[Date "2009.07.10"]
[Round "3"]
[White "Petrukhina, Irina"]
[Black "Dianov, Alexey"]
[Result "1-0"]
[WhiteElo "2055"]
[BlackElo "2151"]
[PlyCount "83"]
[EventDate "2009.07.08"]
[EventType "swiss"]
[EventRounds "9"]
[EventCountry "RUS"]
[SourceTitle "EXT 2022"]
[Source "ChessBase"]
[SourceDate "2021.10.06"]
[SourceVersion "1"]
[SourceVersionDate "2021.10.06"]
[SourceQuality "1"]

1. d4 d5 2. c4 e5 3. dxe5 d4 4. Nf3 Nc6 5. g3 Bg4 6. Bg2 Qd7 7. 0-0 Nge7 8. Qb3 0-0-0 9. Rd1 Nf5 10. Na3 Bc5 11. Qb5 Bb6 12. Bg5 a6 13. Qa4 Rhe8 14. c5 Bxc5 15. Rac1 Nxe5 16. Qa5 Bxf3 17. exf3 Bxa3 18. Qxa3 f6 19. Bd2 Qb5 20. Bf1 d3 21. f4 Nf3+ 22. Kh1 Qb6 23. Qc5 Qxc5 24. Rxc5 Nd6 25. Ba5 Re7 26. Rxd3 b6 27. Bxb6 Ne4 28. Rxf3 Kb7 29. Rxc7+ Rxc7 30. Bxc7 Kxc7 31. Bxa6 Rb8 32. b3 Ra8 33. Bd3 Nd2 34. Re3 Rxa2 35. Bxh7 Kd6 36. Kg2 Rb2 37. Bg8 Kc5 38. h4 Kd4 39. Bh7 Rxb3 40. Re7 Nc4 41. Re4+ Kd5 42. Rxc4 1-0

[Event "Krasnoyarsk-ch"]
[Site "Krasnoyarsk"]
[Date "2008.03.??"]
[Round "2"]
[White "Grigorian, Marine"]
[Black "Dianov, Alexey"]
[Result "1-0"]
[WhiteElo "2082"]
[BlackElo "2210"]
[PlyCount "59"]
[EventDate "2008.03.??"]
[EventType "tourn"]
[EventRounds "11"]
[EventCountry "RUS"]
[SourceTitle "CBM 123 Extra"]
[Source "ChessBase"]
[SourceDate "2008.05.06"]
[SourceVersion "1"]
[SourceVersionDate "2008.05.06"]
[SourceQuality "1"]

1. e4 e5 2. Bc4 Nf6 3. d3 c6 4. Nf3 d5 5. Bb3 Bd6 6. Nc3 dxe4 7. Nxe4 Nxe4 8. dxe4 Bb4+ 9. c3 Qxd1+ 10. Bxd1 Bd6 11. 0-0 Ke7 12. Nh4 g6 13. g3 Bh3 14. Re1 Nd7 15. f4 Bc5+ 16. Be3 a5 17. Bf3 Rad8 18. Rad1 Bxe3+ 19. Rxe3 Nc5 20. b4 Rxd1+ 21. Bxd1 Rd8 22. Be2 axb4 23. cxb4 Ne6 24. fxe5 Rd2 25. a3 Nd4 26. Bc4 Rc2 27. Bf1 Rc1 28. Ng2 Ke6 29. Nf4+ Kxe5 30. Nd3+ 1-0